| 000 | 00000nam 2200000za 4500 |
| 001 | 9.840300 |
| 003 | CaOODSP |
| 005 | 20250403105947 |
| 007 | cr ||||||||||| |
| 008 | 170802s2017 onca os f000 0 fre d |
| 020 | |a978-0-660-09163-1 |
| 040 | |aCaOODSP|bfre |
| 043 | |an-cn--- |
| 086 | 1 |aCS11-627/2017-25F-PDF |
| 245 | 04|aLes langues immigrantes au Canada |h[ressource électronique]. |
| 260 | |a[Ottawa] : |bStatistique Canada, |c[2017] |
| 300 | |a[1] p. : |bill. en coul. |
| 500 | |aPubl. aussi en anglais sous le titre : Immigrant languages in Canada. |
| 500 | |aTitre de départ. |
| 520 | |a« Fondée sur les données du Recensement de 2016, l'infographie suivante dresse un portrait des langues immigrantes au Canada » -- Fourni par l'éditeur. |
| 651 | 6|aCanada|xRecensement, 2016. |
| 692 | 07|2gccst|aImmigrant |
| 692 | 07|2gccst|aLangue étrangère |
| 692 | 07|2gccst|aDonnées du recensement |
| 710 | 2 |aStatistique Canada. |
| 775 | 08|tImmigrant languages in Canada |w(CaOODSP)9.840298 |
| 856 | 40|qPDF|s526 Ko|uhttps://publications.gc.ca/collections/collection_2017/statcan/11-627-m/11-627-m2017025-fra.pdf |
| 986 | |a11-627-M, n° 2017025 |